000
002260000a22000970004500
100
1
_a
Uprichard, R. E. H.
245
1
0
_a
Christ in the Psalms
300
_a
Vol. 5, Núm 4 (1987), Páginas 15-16
773
0
_t
Evangel
942
_c
ANA
999
_c
54323
_d
54323